000 00351nam a2200157Ia 4500
003 Ost
005 20260225132537.0
008 260225s9999||||xx |||||||||||||| ||und||
040 _cfsic
041 _afre
082 _a70.4
100 _aJaques lambert
_eAuteur
245 0 _aLa presse d'entreprise /
245 0 _cJaques lambert
942 _cكتاب
999 _c33282
_d33282